The wind in the willows (Record no. 186891)
[ view plain ]
| 000 -LEADER | |
|---|---|
| fixed length control field | 00880 a2200193 4500 |
| 003 - CONTROL NUMBER IDENTIFIER | |
| control field | Nust |
| 005 - DATE AND TIME OF LATEST TRANSACTION | |
| control field | 20230529124507.0 |
| 010 ## - LIBRARY OF CONGRESS CONTROL NUMBER | |
| LC control number | 23005855 |
| 040 ## - CATALOGING SOURCE | |
| Transcribing agency | Nust |
| 082 ## - DEWEY DECIMAL CLASSIFICATION NUMBER | |
| Classification number | 808.83,GRA |
| 100 ## - MAIN ENTRY--PERSONAL NAME | |
| Personal name | Grahame, Kenneth, |
| 9 (RLIN) | 56532 |
| 245 ## - TITLE STATEMENT | |
| Title | The wind in the willows |
| Statement of responsibility, etc. | Kenneth Grahame |
| 260 ## - PUBLICATION, DISTRIBUTION, ETC. | |
| Place of publication, distribution, etc. | London, |
| Name of publisher, distributor, etc. | Methuen & co., ltd |
| Date of publication, distribution, etc. | 1929 |
| 300 ## - PHYSICAL DESCRIPTION | |
| Extent | 4 p.l., 302 p |
| Other physical details | 1 l., col. front |
| Dimensions | illus |
| Accompanying material | plates. (part col.) |
| Type of unit | 20 cm |
| 505 ## - FORMATTED CONTENTS NOTE | |
| Formatted contents note | The rivers Bank (Page-1), The Open Road (Page-24), The Wild Wood (Page-46), Mr. Badger (Page-69), Dulice Domum (Page-93), Mr. Toad (Page-120) The Piper at the Gates of Dawn (Page-144), Toads Adventures (Page-163), Wayfarers All (Page-187), The Further Adventures of Toad (Page-217), Like Summer Temests Came his Tears (Page-247), The Return of Ulysses (Page-278). |
| 600 ## - SUBJECT ADDED ENTRY--PERSONAL NAME | |
| Personal name | Grahame, Kenneth, |
| 9 (RLIN) | 56532 |
| 650 ## - SUBJECT ADDED ENTRY--TOPICAL TERM | |
| Topical term or geographic name entry element | Novel |
| 9 (RLIN) | 2525 |
| 942 ## - ADDED ENTRY ELEMENTS (KOHA) | |
| Source of classification or shelving scheme | |
| Koha item type | Book |
| Withdrawn status | Lost status | Source of classification or shelving scheme | Damaged status | Not for loan | Permanent Location | Current Location | Shelving location | Date acquired | Full call number | Barcode | Date last seen | Price effective from | Koha item type | Public note |
|---|---|---|---|---|---|---|---|---|---|---|---|---|---|---|
| Military College of Signals (MCS) | Military College of Signals (MCS) | General Stacks | 12/12/2016 | 808.83,GRA | MCS29816 | 12/08/2016 | 12/12/2016 | Book | Almirah No.56, Shelf No.6 |
